[Event "ICS rated blitz match"]
[Site "204.178.125.65"]
[Date "2000.11.16"]
[Round "?"]
[White "Hossa"]
[Black "dannystallone"]
[Result "1-0"]
[WhiteElo "2502"]
[BlackElo "2179"]
[PlyCount "29"]
[EventDate "2000.??.??"]

1. e4 c5 2. Nc3 Nc6 3. g3 g6 4. Bg2 Bg7 5. d3 e6 6. Nf3 Nd4 7. O-O Ne7 8. Bf4
Nec6 9. Bd6 Nxf3+ 10. Bxf3 Qa5 11. Rb1 b5 12. e5 b4 13. Bxc6 dxc6 14. Qf3 Bd7
15. Ne4 {dannystallone resigns} 1-0

[Event "ICS rated bullet match"]
[Site "204.178.125.65"]
[Date "2000.11.16"]
[Round "?"]
[White "Hossa"]
[Black "riffifi"]
[Result "1-0"]
[WhiteElo "2499"]
[BlackElo "1919"]
[PlyCount "81"]
[EventDate "2000.??.??"]

1. d4 d5 2. c4 c6 3. cxd5 cxd5 4. Nc3 Nf6 5. Nf3 Nc6 6. Bf4 Bf5 7. e3 e6 8. Rc1
Be7 9. Bd3 Bxd3 10. Qxd3 O-O 11. Qb5 Qb6 12. Qxb6 axb6 13. a3 Rfc8 14. Bg5 Na5
15. Bxf6 gxf6 16. Rc2 Nc4 17. Na2 b5 18. O-O Rc6 19. Rfc1 Rac8 20. Ra1 Na5 21.
Rxc6 bxc6 22. Nd2 Nc4 23. Nxc4 dxc4 24. Nc3 Ra8 25. Rd1 Kf8 26. g4 Bxa3 27. Ra1
b4 28. Ne4 c3 29. bxa3 b3 30. Nxc3 b2 31. Ra2 Rb8 32. Nb1 Ke7 33. a4 Kd6 34. a5
Kd5 35. a6 Kc4 36. Rxb2 Rxb2 37. Na3+ Kd3 38. a7 Ra2 39. a8=Q Ke2 40. Qb8 Rxa3
41. Qb2+ {riffifi resigns} 1-0

[Event "ICS rated blitz match"]
[Site "204.178.125.65"]
[Date "2000.11.16"]
[Round "?"]
[White "GSG"]
[Black "Hossa"]
[Result "0-1"]
[WhiteElo "2138"]
[BlackElo "2506"]
[PlyCount "32"]
[EventDate "2000.??.??"]

1. e4 e5 2. Nf3 Nc6 3. Bc4 Be7 4. O-O Nf6 5. Re1 Nxe4 6. Bxf7+ Kxf7 7. Rxe4 Bf6
8. d4 d5 9. Rxe5 Nxe5 10. dxe5 Be7 11. Nd4 Rf8 12. Qh5+ Kg8 13. Nc3 c5 14. Nf3
Rf5 15. Qg4 Rxe5 16. Nxe5 Bxg4 {GSG resigns} 0-1

[Event "ICS rated blitz match"]
[Site "204.178.125.65"]
[Date "2000.11.16"]
[Round "?"]
[White "Hossa"]
[Black "Valg"]
[Result "1-0"]
[WhiteElo "2509"]
[BlackElo "2551"]
[PlyCount "171"]
[EventDate "2000.??.??"]

1. e4 e5 2. Nf3 Nc6 3. Bb5 a6 4. Ba4 Nf6 5. O-O Be7 6. Re1 b5 7. Bb3 d6 8. c3
O-O 9. h3 Na5 10. Bc2 c5 11. d4 Qc7 12. Nbd2 cxd4 13. cxd4 Bb7 14. d5 Rac8 15.
Bb1 Nh5 16. Nf1 Nf4 17. Ng3 Bf6 18. Ne2 Nc4 19. b3 Nb6 20. Bb2 Ng6 21. Ng3 Qd7
22. Bc2 Rc7 23. Rc1 Rfc8 24. Nf5 Ne7 25. Ne3 Ng6 26. Qd2 h6 27. Ba3 Nh4 28.
Nxh4 Bxh4 29. Bb4 Bd8 30. Ba5 Rc5 31. a3 Kh8 32. Rf1 Kg8 33. Bb4 R5c7 34. Qe2
g6 35. Ba5 Rc5 36. Ng4 Kg7 37. Qd2 g5 38. Ne3 Kh7 39. Rfe1 Na8 40. Bb4 R5c7 41.
Nf5 Be7 42. Qd3 Bf8 43. Ba5 Rc5 44. Qe2 Kh8 45. Red1 Kg8 46. Rd2 Kh7 47. Qh5
Bxd5 48. exd5 Rxc2 49. Rdxc2 Rxc2 50. Rxc2 Qxf5 51. Rc6 Qb1+ 52. Kh2 Qf5 53.
Qg4 Qd3 54. Qc8 Be7 55. Rxa6 Qxd5 56. Rxa8 Kg6 57. Qe8 Bf6 58. a4 bxa4 59. bxa4
Qd4 60. Be1 d5 61. Qg8+ Bg7 62. Ra6+ f6 63. Qe8+ Kf5 64. g4+ Kf4 65. Qg6 Kf3
66. Qxg7 Ke2 67. Rxf6 Kf1 68. Qh7 e4 69. Qxh6 Qe5+ 70. Kh1 Kxe1 71. Rf5 Qc3 72.
Kg2 d4 73. Qxg5 Kd1 74. h4 e3 75. fxe3 dxe3 76. Rf1+ Kc2 77. Qf5+ Kb3 78. Rb1+
Ka2 79. Rb6 e2 80. Re6 Qh8 81. Rxe2+ Ka3 82. Re3+ Kxa4 83. Qc2+ Ka5 84. Ra3+
Kb4 85. Rb3+ Ka4 86. Qa2# {Valg checkmated} 1-0

[Event "ICS rated bullet match"]
[Site "204.178.125.65"]
[Date "2000.11.16"]
[Round "?"]
[White "Hossa"]
[Black "thutters"]
[Result "1-0"]
[WhiteElo "2503"]
[BlackElo "2071"]
[PlyCount "53"]
[EventDate "2000.??.??"]

1. e4 g6 2. d4 Bg7 3. c4 d6 4. Nc3 Nf6 5. Nf3 O-O 6. Be2 e5 7. O-O Nc6 8. d5
Ne7 9. c5 Ne8 10. Qb3 dxc5 11. Be3 b6 12. Ng5 Nd6 13. Nb5 h6 14. Nxd6 cxd6 15.
Nf3 f5 16. Bd3 Kh8 17. Qc2 Qe8 18. Nh4 f4 19. Bc1 g5 20. Nf3 Qh5 21. Nd2 g4 22.
Nc4 Qg6 23. Qa4 f3 24. Nxb6 axb6 25. Qxa8 fxg2 26. Rd1 Qf6 27. Be3 {
thutters resigns} 1-0

[Event "ICS rated bullet match"]
[Site "204.178.125.65"]
[Date "2000.11.16"]
[Round "?"]
[White "thutters"]
[Black "Hossa"]
[Result "0-1"]
[WhiteElo "2038"]
[BlackElo "2505"]
[PlyCount "36"]
[EventDate "2000.??.??"]

1. d3 e5 2. e3 d5 3. f3 Bb4+ 4. c3 Bd6 5. g3 Nf6 6. Bg2 O-O 7. Ne2 Nc6 8. O-O
a6 9. d4 Re8 10. Kh1 Bf5 11. g4 Be6 12. Rg1 Qe7 13. h3 exd4 14. cxd4 h5 15. g5
Nh7 16. h4 Nf8 17. Nbc3 Ng6 18. Qe1 Nb4 {thutters resigns} 0-1

[Event "ICS rated blitz match"]
[Site "204.178.125.65"]
[Date "2000.11.16"]
[Round "?"]
[White "Hossa"]
[Black "GSG"]
[Result "1-0"]
[WhiteElo "2527"]
[BlackElo "2131"]
[PlyCount "69"]
[EventDate "2000.??.??"]

1. d4 Nf6 2. c4 g6 3. Nc3 d5 4. cxd5 Nxd5 5. e4 Nxc3 6. bxc3 Bg7 7. Nf3 c5 8.
Rb1 O-O 9. Be2 Qa5 10. Qd2 cxd4 11. cxd4 Qxd2+ 12. Bxd2 b6 13. Rc1 Bg4 14. h3
Bxf3 15. Bxf3 Na6 16. Be2 Nb8 17. e5 Nd7 18. Rc7 Rfd8 19. Bf3 Rac8 20. Rxa7 Rc2
21. Bd1 Rxd2 22. Kxd2 Nxe5 23. Rxe7 Nc6 24. Rb7 Bxd4 25. Ke2 Na5 26. Rc7 Bc5
27. Bb3 Nxb3 28. axb3 Re8+ 29. Kf3 Rd8 30. Rb1 Rd2 31. b4 Bxf2 32. Rf1 Bh4 33.
g3 Bd8 34. Rxf7 Rd4 35. Ke3 {GSG resigns} 1-0

[Event "ICS rated blitz match"]
[Site "204.178.125.65"]
[Date "2000.11.16"]
[Round "?"]
[White "warps"]
[Black "Hossa"]
[Result "1-0"]
[WhiteElo "2718"]
[BlackElo "2530"]
[PlyCount "143"]
[EventDate "2000.??.??"]

1. g4 d5 2. e3 Nf6 3. Bb5+ c6 4. Be2 e5 5. d4 exd4 6. Qxd4 Nbd7 7. Nc3 Bc5 8.
Qf4 Nf8 9. Bd2 Bd6 10. Qd4 Ne6 11. Qd3 Qc7 12. h3 Nd7 13. O-O-O Ne5 14. Qf5 Qd8
15. Ne4 dxe4 16. Qxe4 O-O 17. f4 Ng6 18. Bc3 Ne7 19. Be5 Nd5 20. c4 Nc5 21. Qd4
Bxe5 22. fxe5 Ne6 23. Qe4 Qc7 24. cxd5 cxd5+ 25. Qc2 Qxe5 26. Kb1 Qxe3 27. Rxd5
Nf4 28. Rd1 Be6 29. Bf3 Rfd8 30. Bxb7 Rxd1+ 31. Qxd1 Rb8 32. Rh2 Bc4 33. Bf3
Bd3+ 34. Ka1 Qb6 35. Rd2 Qc5 36. Qe1 Bg6 37. Qd1 Qb6 38. Be2 Qa5 39. Rd7 Ne6
40. Bc4 Qb6 41. b3 Nc5 42. Rd6 Qc7 43. Qd4 Re8 44. Ne2 Be4 45. b4 Rb8 46. Nc3
Bf3 47. bxc5 Qe7 48. Rd7 Qe1+ 49. Nd1 Qxd1+ 50. Qxd1 Bxd1 51. Rxd1 h5 52. gxh5
Rc8 53. Rd7 Rxc5 54. Bxf7+ Kh7 55. Rxa7 Rc1+ 56. Kb2 Rc6 57. a4 Kh6 58. Re7
Rb6+ 59. Kc3 Rc6+ 60. Kd4 Ra6 61. Re6+ Rxe6 62. Bxe6 Kg5 63. Bg4 Kf4 64. a5 Kg5
65. a6 Kf6 66. a7 Kg5 67. a8=Q Kh4 68. Qf3 Kg5 69. Qf5+ Kh4 70. Ke3 g6 71. hxg6
Kg3 72. Qf2# {Hossa checkmated} 1-0

[Event "ICS rated bullet match"]
[Site "204.178.125.65"]
[Date "2000.11.16"]
[Round "?"]
[White "Rootertoot"]
[Black "Hossa"]
[Result "0-1"]
[WhiteElo "1951"]
[BlackElo "2507"]
[PlyCount "22"]
[EventDate "2000.??.??"]

1. d3 e5 2. g3 d5 3. Bg2 Nf6 4. Nf3 Nc6 5. O-O Bf5 6. Nbd2 Bc5 7. e4 dxe4 8.
dxe4 Bg6 9. Re1 Nxe4 10. Nxe4 Qxd1 11. Rxd1 Bxe4 {Rootertoot resigns} 0-1

[Event "ICS rated bullet match"]
[Site "204.178.125.65"]
[Date "2000.11.16"]
[Round "?"]
[White "Hossa"]
[Black "thutters"]
[Result "1-0"]
[WhiteElo "2508"]
[BlackElo "2018"]
[PlyCount "33"]
[EventDate "2000.??.??"]

1. e4 c6 2. c4 d6 3. d4 e5 4. dxe5 dxe5 5. Qxd8+ Kxd8 6. Nf3 f6 7. Be2 Bc5 8.
O-O Nd7 9. a3 a5 10. Rd1 Kc7 11. Nc3 Ne7 12. Na4 Ba7 13. Bd2 b6 14. b4 axb4 15.
axb4 Nf8 16. c5 bxc5 17. bxc5 {thutters resigns} 1-0

[Event "ICS rated bullet match"]
[Site "204.178.125.65"]
[Date "2000.11.16"]
[Round "?"]
[White "Andy2"]
[Black "Hossa"]
[Result "0-1"]
[WhiteElo "2066"]
[BlackElo "2514"]
[PlyCount "50"]
[EventDate "2000.??.??"]

1. d3 e5 2. Nd2 Nc6 3. g3 d5 4. Bg2 Nf6 5. Ngf3 Bd6 6. O-O O-O 7. e4 Bg4 8.
exd5 Nxd5 9. c3 Qd7 10. Qc2 h6 11. Nc4 Bh3 12. Re1 Rfe8 13. Bd2 Bxg2 14. Kxg2
b5 15. Ne3 Nf6 16. Rad1 Rad8 17. Nf1 Qe6 18. a4 bxa4 19. Qxa4 Bf8 20. Bc1 Nd7
21. Qe4 Nc5 22. Qe2 Qd7 23. Qc2 Nxd3 24. Rd2 e4 25. Ng1 Nxe1+ {Andy2 resigns}
0-1

[Event "ICS rated bullet match"]
[Site "204.178.125.65"]
[Date "2000.11.16"]
[Round "?"]
[White "Hossa"]
[Black "Andy2"]
[Result "1-0"]
[WhiteElo "2516"]
[BlackElo "2064"]
[PlyCount "51"]
[EventDate "2000.??.??"]

1. e4 c6 2. c4 d5 3. cxd5 cxd5 4. exd5 Nf6 5. Nc3 Nxd5 6. Nf3 Nxc3 7. bxc3 g6
8. Bb5+ Bd7 9. Qb3 Bxb5 10. Qxb5+ Qd7 11. Rb1 Qxb5 12. Rxb5 b6 13. d4 Bg7 14.
Bf4 Nd7 15. Kd2 O-O 16. Re1 e6 17. c4 Nf6 18. Kc3 Rac8 19. Kd3 Rfd8 20. a4 h6
21. a5 g5 22. Bg3 bxa5 23. Rxa5 Nh5 24. Rxa7 Nxg3 25. hxg3 Rd7 26. Rxd7 {
Andy2 resigns} 1-0

[Event "ICS rated bullet match"]
[Site "204.178.125.65"]
[Date "2000.11.16"]
[Round "?"]
[White "Andy2"]
[Black "Hossa"]
[Result "0-1"]
[WhiteElo "2062"]
[BlackElo "2518"]
[PlyCount "38"]
[EventDate "2000.??.??"]

1. g3 Nf6 2. Bg2 d5 3. Nf3 e6 4. O-O h5 5. d3 Nc6 6. Nbd2 h4 7. Nxh4 g5 8. Nhf3
g4 9. Nh4 Be7 10. f3 Bc5+ 11. Kh1 e5 12. c3 gxf3 13. Ndxf3 e4 14. dxe4 Nxe4 15.
e3 Bg4 16. Qe1 Qd7 17. Nd4 Ne5 18. Nhf5 Nd3 19. Ng7+ Kd8 {Andy2 resigns} 0-1

[Event "ICS rated bullet match"]
[Site "204.178.125.65"]
[Date "2000.11.16"]
[Round "?"]
[White "Andy2"]
[Black "Hossa"]
[Result "0-1"]
[WhiteElo "2055"]
[BlackElo "2522"]
[PlyCount "54"]
[EventDate "2000.??.??"]

1. d4 Nf6 2. e3 g6 3. Bd3 Bg7 4. c3 O-O 5. Nf3 d5 6. O-O Ne4 7. Ne5 f6 8. Nf3
f5 9. Nbd2 Nd7 10. Ne1 e5 11. f3 Nd6 12. Qe2 e4 13. fxe4 fxe4 14. Bc2 Nb6 15.
Rxf8+ Qxf8 16. Nf1 Bd7 17. Qf2 Qe7 18. Bd2 Rf8 19. Qe2 Bb5 20. Qxb5 Nxb5 21.
Ng3 Qf7 22. Nf3 exf3 23. Rf1 f2+ 24. Kh1 Nd6 25. Bd3 Qe7 26. Bc2 Nbc4 27. Bd3
Nxd2 {Andy2 resigns} 0-1

[Event "ICS rated bullet match"]
[Site "204.178.125.65"]
[Date "2000.11.16"]
[Round "?"]
[White "Hossa"]
[Black "Andy2"]
[Result "1-0"]
[WhiteElo "2524"]
[BlackElo "2053"]
[PlyCount "63"]
[EventDate "2000.??.??"]

1. e4 c6 2. c4 d6 3. d4 e5 4. dxe5 dxe5 5. Qxd8+ Kxd8 6. Nf3 f6 7. Be2 Be6 8.
Be3 Nd7 9. Nc3 a5 10. O-O Kc7 11. Rfd1 Rd8 12. Na4 Ne7 13. Bd2 Nc8 14. Bxa5+ b6
15. Bc3 Nc5 16. Rxd8 Kxd8 17. Nxc5 Bxc5 18. b4 Be7 19. Rd1+ Kc7 20. Nd2 Rd8 21.
g3 Na7 22. f4 g6 23. fxe5 fxe5 24. Bxe5+ Kb7 25. a3 Nc8 26. Kf2 c5 27. Bc3 cxb4
28. axb4 Nd6 29. c5 Nf7 30. cxb6 Ng5 31. h4 Rd3 32. Bxd3 {Andy2 resigns} 1-0

[Event "ICS rated bullet match"]
[Site "204.178.125.65"]
[Date "2000.11.16"]
[Round "?"]
[White "Andy2"]
[Black "Hossa"]
[Result "0-1"]
[WhiteElo "2067"]
[BlackElo "2526"]
[PlyCount "60"]
[EventDate "2000.??.??"]

1. d4 Nf6 2. c4 e6 3. Nc3 Bb4 4. a3 Bxc3+ 5. bxc3 c5 6. f3 Nc6 7. e4 d6 8. Bd3
cxd4 9. cxd4 Nxd4 10. Ne2 Nxe2 11. Qxe2 O-O 12. O-O b6 13. Kh1 Bb7 14. Bb2 Nd7
15. Rad1 Qc7 16. Bb1 Ne5 17. Qf2 Nxc4 18. Ba1 d5 19. exd5 exd5 20. Rd4 Nxa3 21.
Bxh7+ Kxh7 22. Rh4+ Kg8 23. Bxg7 Kxg7 24. Rg4+ Kf6 25. Qh4+ Ke6 26. Re1+ Kd6
27. Qf6+ Kc5 28. Rc1+ Nc4 29. Qd4+ Kb5 30. Rb1+ Kc6 {Andy2 resigns} 0-1

[Event "ICS rated bullet match"]
[Site "204.178.125.65"]
[Date "2000.11.16"]
[Round "?"]
[White "Hossa"]
[Black "Andy2"]
[Result "1-0"]
[WhiteElo "2528"]
[BlackElo "2065"]
[PlyCount "53"]
[EventDate "2000.??.??"]

1. g4 e6 2. Nf3 h6 3. e4 Be7 4. e5 b6 5. d4 Bb7 6. Bb5 a6 7. Bd3 d6 8. O-O Nd7
9. Re1 dxe5 10. dxe5 Nc5 11. Be2 Qxd1 12. Rxd1 Ne4 13. Be3 Ng5 14. Nbd2 Nxf3+
15. Bxf3 O-O-O 16. Bxb7+ Kxb7 17. Nf3 g6 18. Rxd8 Bxd8 19. Rd1 Kc8 20. Bd2 Ne7
21. g5 Nf5 22. gxh6 Nxh6 23. Bf4 Nf5 24. Ng5 Bxg5 25. Bxg5 c6 26. Bf6 Kc7 27.
Bxh8 {Andy2 resigns} 1-0

[Event "ICS rated bullet match"]
[Site "204.178.125.65"]
[Date "2000.11.16"]
[Round "?"]
[White "Hossa"]
[Black "Andy2"]
[Result "1-0"]
[WhiteElo "2532"]
[BlackElo "2061"]
[PlyCount "73"]
[EventDate "2000.??.??"]

1. g4 d6 2. g5 h6 3. gxh6 Nxh6 4. Bg2 e6 5. d4 Nc6 6. Nf3 d5 7. c3 Ne7 8. O-O
Bd7 9. Ne5 Nef5 10. Nxd7 Qxd7 11. e4 Nh4 12. Bh1 c6 13. Qh5 Qe7 14. Re1 O-O-O
15. Bg5 f6 16. Bxh4 Nf7 17. Qg4 g5 18. Bg3 dxe4 19. Qxe4 f5 20. Qxe6+ Qxe6 21.
Rxe6 f4 22. Rf6 Nd6 23. Bxf4 gxf4 24. Rxf4 Bh6 25. Rg4 Bc1 26. a4 Bxb2 27. Ra2
Bc1 28. Nd2 Bxd2 29. Rxd2 Nf5 30. Be4 Nh6 31. Rg5 Kb8 32. Rb2 Rdf8 33. Bxc6
Rfg8 34. Rxb7+ Kc8 35. h4 Rxg5+ 36. hxg5 Rg8 37. f4 {Andy2 resigns} 1-0

[Event "ICS rated bullet match"]
[Site "204.178.125.65"]
[Date "2000.11.16"]
[Round "?"]
[White "Marpy1"]
[Black "Hossa"]
[Result "0-1"]
[WhiteElo "2315"]
[BlackElo "2534"]
[PlyCount "70"]
[EventDate "2000.??.??"]

1. d4 Nf6 2. Nf3 e6 3. c3 Be7 4. g3 O-O 5. Bg2 d6 6. O-O Nbd7 7. Qb3 Nb6 8. Bg5
Bd7 9. Bxf6 Bxf6 10. Nbd2 Ba4 11. Rac1 Bxb3 12. axb3 Rb8 13. e4 Bg5 14. Rfe1 f6
15. h4 Bxd2 16. Nxd2 e5 17. Bh3 exd4 18. cxd4 Re8 19. Nc4 d5 20. exd5 Qxd5 21.
Ne3 Qxb3 22. Rxc7 Nd5 23. Rd7 Nxe3 24. fxe3 Rxe3 25. Rf1 Rxg3+ 26. Bg2 Qe3+ 27.
Kh2 Rxg2+ 28. Kxg2 Qe2+ 29. Rf2 Qg4+ 30. Kf1 Qxd7 31. Rd2 Qh3+ 32. Rg2 Rc8 33.
Kf2 Rc2+ 34. Ke1 Qe3+ 35. Kd1 Rc1# {Marpy1 checkmated} 0-1

[Event "ICS rated bullet match"]
[Site "204.178.125.65"]
[Date "2000.11.16"]
[Round "?"]
[White "Marpy1"]
[Black "Hossa"]
[Result "0-1"]
[WhiteElo "2286"]
[BlackElo "2541"]
[PlyCount "56"]
[EventDate "2000.??.??"]

1. d4 d5 2. Nf3 Nf6 3. c4 dxc4 4. e3 Bf5 5. Bxc4 e6 6. Nc3 Be7 7. Qb3 b6 8. O-O
O-O 9. d5 exd5 10. Nxd5 Nxd5 11. Bxd5 c6 12. Bc4 Nd7 13. Nd4 Nc5 14. Qd1 Qd7
15. Qf3 Be4 16. Qd1 Rfd8 17. b4 Nb7 18. Bb2 Bxb4 19. Qb3 c5 20. Ne2 b5 21. Bxb5
Qxb5 22. a3 Na5 23. Qa2 Qxe2 24. axb4 cxb4 25. Qxa5 Qxb2 26. Qe5 Qxe5 27. Rac1
Rd2 28. Rc5 Qxc5 {Marpy1 resigns} 0-1

[Event "ICS rated bullet match"]
[Site "204.178.125.65"]
[Date "2000.11.16"]
[Round "?"]
[White "Hossa"]
[Black "Marpy1"]
[Result "1-0"]
[WhiteElo "2547"]
[BlackElo "2280"]
[PlyCount "99"]
[EventDate "2000.??.??"]

1. e4 c6 2. c4 d5 3. cxd5 cxd5 4. exd5 Nf6 5. Nc3 Nxd5 6. Nf3 Nf6 7. Bb5+ Bd7
8. Bxd7+ Nbxd7 9. d4 e6 10. O-O Be7 11. Bf4 O-O 12. d5 Nxd5 13. Nxd5 exd5 14.
Qxd5 b6 15. Rfd1 Nf6 16. Qb7 Qe8 17. Re1 Nh5 18. Rxe7 Qc8 19. Be5 Qxb7 20. Rxb7
f6 21. Bd6 Rfd8 22. Rd1 Nf4 23. Kf1 Ne6 24. h3 Nc5 25. Re7 Na4 26. b3 Nc3 27.
Rd2 Nb5 28. Bb4 Rxd2 29. Bxd2 Rd8 30. a4 Nd4 31. Nxd4 Rxd4 32. Ke2 a5 33. Rb7
Rd6 34. Be3 Re6 35. Rxb6 Re4 36. Rb5 f5 37. Kf3 Re7 38. Bd2 Rf7 39. Rb8+ Rf8
40. Rxf8+ Kxf8 41. Bxa5 Kf7 42. Bc3 g5 43. a5 h5 44. a6 g4+ 45. Kf4 gxh3 46.
gxh3 Kg6 47. a7 h4 48. a8=Q Kh5 49. Kxf5 Kh6 50. Qh8# {Marpy1 checkmated} 1-0

[Event "ICS rated bullet match"]
[Site "204.178.125.65"]
[Date "2000.11.16"]
[Round "?"]
[White "Marpy1"]
[Black "Hossa"]
[Result "0-1"]
[WhiteElo "2274"]
[BlackElo "2553"]
[PlyCount "92"]
[EventDate "2000.??.??"]

1. d4 Nf6 2. Nf3 e6 3. Bf4 b6 4. c3 Be7 5. h3 O-O 6. e3 Nd5 7. Be2 Nxf4 8. exf4
Bb7 9. O-O c5 10. dxc5 bxc5 11. Nbd2 d6 12. Bd3 Nd7 13. Be4 Bxe4 14. Nxe4 d5
15. Ng3 Bd6 16. Ne2 Qc7 17. Qd2 Nf6 18. g3 Ne4 19. Qc2 Be7 20. Nd2 Nxd2 21.
Qxd2 Qd7 22. Rfd1 Rfd8 23. b3 Rab8 24. Rac1 Rb6 25. Kg2 Qb7 26. Qe3 d4+ 27. Qf3
Qxf3+ 28. Kxf3 d3 29. Ng1 g5 30. c4 Bf6 31. fxg5 Bxg5 32. Rc3 Rbd6 33. Kg2 Bf6
34. Rcc1 e5 35. f3 Bg5 36. Rc3 Be3 37. h4 f5 38. Nh3 e4 39. Ng5 Bxg5 40. hxg5
e3 41. f4 e2 42. Re1 d2 43. Rxe2 d1=Q 44. Rce3 Rd2 45. Kf3 Qf1+ 46. Rf2 Rxf2# {
Marpy1 checkmated} 0-1

[Event "ICS rated bullet match"]
[Site "204.178.125.65"]
[Date "2000.11.16"]
[Round "?"]
[White "Hossa"]
[Black "Marpy1"]
[Result "1-0"]
[WhiteElo "2558"]
[BlackElo "2269"]
[PlyCount "53"]
[EventDate "2000.??.??"]

1. e4 c6 2. c4 d5 3. cxd5 cxd5 4. exd5 Nf6 5. Nc3 Nxd5 6. Nf3 Nxc3 7. bxc3 Nc6
8. d4 Bg4 9. d5 Nb8 10. Qa4+ Bd7 11. Qb4 Qc8 12. Qd4 f6 13. Qc4 Qxc4 14. Bxc4
g6 15. O-O a6 16. Nd4 Bg7 17. Rb1 b5 18. Bb3 O-O 19. d6+ Kh8 20. Bd5 Ra7 21.
dxe7 Re8 22. Bf4 f5 23. Bf7 Rxe7 24. Bd5 Re8 25. Rfe1 Rxe1+ 26. Rxe1 Nc6 27.
Nxc6 {Marpy1 resigns} 1-0

[Event "ICS rated blitz match"]
[Site "204.178.125.65"]
[Date "2000.11.16"]
[Round "?"]
[White "Hossa"]
[Black "SuperChicken"]
[Result "0-1"]
[WhiteElo "2523"]
[BlackElo "2689"]
[PlyCount "80"]
[EventDate "2000.??.??"]

1. g4 e5 2. d3 d5 3. h3 f5 4. gxf5 Bxf5 5. Nf3 Nc6 6. c3 Qd6 7. Bg2 O-O-O 8.
Na3 Be7 9. Be3 Qg6 10. Rg1 e4 11. Bf1 Qf7 12. Nd4 Nxd4 13. Bxd4 Bf6 14. dxe4
dxe4 15. Qa4 Bxd4 16. cxd4 Kb8 17. Rc1 Nh6 18. Qa5 Rd7 19. b3 Rf8 20. Nc2 Be6
21. f3 exf3 22. Rh1 Bd5 23. e4 f2+ 24. Kd2 Qf4+ 25. Kd1 Bxe4 26. Rb1 Bf3+ 27.
Be2 Re7 28. Qd2 Qf5 29. Kc1 Rxe2 30. Rf1 Rxd2 31. Kxd2 Be2 32. Rxf2 Qd3+ 33.
Kc1 Rxf2 34. Kb2 Bd1 35. Rc1 Rxc2+ 36. Rxc2 Qxc2+ 37. Ka3 a5 38. Ka4 Qd2 39. a3
c6 40. h4 b5# {Hossa checkmated} 0-1

[Event "ICS rated blitz match"]
[Site "204.178.125.65"]
[Date "2000.11.16"]
[Round "?"]
[White "Pi"]
[Black "Hossa"]
[Result "1-0"]
[WhiteElo "2821"]
[BlackElo "2514"]
[PlyCount "125"]
[EventDate "2000.??.??"]

1. e4 e5 2. Nf3 Nc6 3. Bb5 a6 4. Ba4 Nf6 5. O-O Be7 6. Re1 b5 7. Bb3 d6 8. c3
O-O 9. h3 Na5 10. Bc2 c5 11. d4 Qc7 12. Nbd2 cxd4 13. cxd4 Nc6 14. Nb3 a5 15.
Be3 a4 16. Nbd2 Be6 17. a3 d5 18. dxe5 Nxe5 19. Rc1 Nxf3+ 20. Nxf3 Qb7 21. e5
Ne4 22. Re2 Rfd8 23. Nd4 Bd7 24. Qd3 b4 25. f3 f5 26. e6 Ng3 27. Ree1 Be8 28.
Bf2 bxa3 29. bxa3 Bd6 30. e7 Rd7 31. Bxg3 Bxg3 32. Qxf5 Rxe7 33. Qxh7+ Kf8 34.
Re6 Bf7 35. Qh8+ Bg8 36. Bh7 Kf7 37. Rb1 Qd7 38. Rbb6 Rxe6 39. Nxe6 Qxe6 40.
Rxe6 Kxe6 41. Qxg7 Bxh7 42. Qxg3 Bd3 43. Qc7 Ra6 44. f4 Bc4 45. g4 Kf6 46. Qh7
Ke6 47. f5+ Ke5 48. Qe7+ Kd4 49. f6 Ra8 50. f7 Kc3 51. g5 d4 52. g6 Rc8 53. g7
Bxf7 54. Qxf7 d3 55. Qe6 Rg8 56. Qxg8 d2 57. Qd5 Kc2 58. Qc4+ Kb2 59. Qd3 d1=B
60. Qxd1 Kc3 61. g8=Q Kb2 62. Qd2+ Kxa3 63. Qga2# {Hossa checkmated} 1-0

[Event "ICS rated blitz match"]
[Site "204.178.125.65"]
[Date "2000.11.16"]
[Round "?"]
[White "Hossa"]
[Black "Pi"]
[Result "1/2-1/2"]
[WhiteElo "2509"]
[BlackElo "2826"]
[PlyCount "181"]
[EventDate "2000.??.??"]

1. e4 e5 2. Nf3 Nc6 3. Nc3 g6 4. d4 exd4 5. Nxd4 Bg7 6. Be3 Nf6 7. Nxc6 bxc6 8.
e5 Ng8 9. Bd4 Qe7 10. Qe2 Nh6 11. Ne4 Nf5 12. Bc3 O-O 13. Nf6+ Bxf6 14. exf6
Qxe2+ 15. Bxe2 Re8 16. Kd2 d5 17. Rhe1 Nd6 18. f3 c5 19. Ba5 c6 20. Bf1 Be6 21.
Bc7 Nb5 22. Be5 Rad8 23. a4 Nd6 24. b3 Nf5 25. Ra2 d4 26. Bf4 Ne3 27. Bxe3
dxe3+ 28. Kc3 Bf5 29. g4 Bc8 30. Bd3 Re5 31. h3 h5 32. Raa1 hxg4 33. fxg4 Rd6
34. Rf1 e2 35. Rfe1 Re3 36. g5 Bf5 37. Kd2 Rxh3 38. Rh1 Rg3 39. Rhg1 Rh3 40.
Rh1 Rd5 41. Rxh3 Bxh3 42. Kxe2 Rxg5 43. Ke3 Rd5 44. Be4 Re5 45. Kd3 Re6 46. Bh1
Rxf6 47. Kc4 Rf2 48. Rc1 Rf5 49. Re1 Rh5 50. Bxc6 Be6+ 51. Kb5 c4+ 52. Ka6 cxb3
53. cxb3 Rc5 54. Bb7 Bxb3 55. Ra1 Bd5 56. Bxd5 Rxd5 57. Kxa7 Rd2 58. a5 Rb2 59.
a6 f5 60. Ka8 f4 61. a7 f3 62. Ra4 f2 63. Rf4 g5 64. Rf3 g4 65. Rf4 g3 66. Rf8+
Kh7 67. Rf7+ Kg6 68. Rf6+ Kg5 69. Rf5+ Kg4 70. Rg5+ Kf4 71. Rf5+ Ke4 72. Rf4+
Kd5 73. Rf5+ Kd4 74. Rf4+ Kd5 75. Rf5+ Kd4 76. Rf4+ Kd3 77. Rf3+ Kc4 78. Rf4+
Kd3 79. Rf3+ Kc4 80. Rf4+ Kb3 81. Rf3+ Ka4 82. Rf4+ Ka3 83. Rf3+ Ka4 84. Rf4+
Ka3 85. Rf3+ Kb4 86. Rf4+ Ka5 87. Rf5+ Kb6 88. Rf6+ Ka5 89. Rf5+ Kb6 90. Rf6+
Ka5 91. Rf5+ {Game drawn by repetition} 1/2-1/2

[Event "ICS rated blitz match"]
[Site "204.178.125.65"]
[Date "2000.11.16"]
[Round "?"]
[White "Olopezh"]
[Black "Hossa"]
[Result "0-1"]
[WhiteElo "1917"]
[BlackElo "2521"]
[PlyCount "42"]
[EventDate "2000.??.??"]

1. e4 c5 2. Nf3 e6 3. d4 cxd4 4. Nxd4 a6 5. Nc3 b5 6. a3 b4 7. axb4 Bxb4 8. Bd2
Ne7 9. Bd3 O-O 10. O-O Bb7 11. Kh1 d6 12. Qe2 Kh8 13. f4 a5 14. Ndb5 Nd7 15.
Rad1 Qb8 16. b3 Re8 17. Bc4 d5 18. Bd3 Nc5 19. e5 Nxd3 20. cxd3 Nf5 21. d4 Ba6
{Olopezh resigns} 0-1

[Event "ICS rated blitz match"]
[Site "204.178.125.65"]
[Date "2000.11.16"]
[Round "?"]
[White "Hossa"]
[Black "SHABBA"]
[Result "1-0"]
[WhiteElo "2522"]
[BlackElo "1919"]
[PlyCount "29"]
[EventDate "2000.??.??"]

1. e4 c6 2. c4 d6 3. d4 Nf6 4. Nc3 g6 5. Nf3 Bg7 6. Bd3 O-O 7. O-O h5 8. e5 Ng4
9. exd6 exd6 10. Re1 Na6 11. a3 Nc7 12. Bg5 Qd7 13. Re7 Qd8 14. Rxf7 Qxg5 15.
Rxf8+ {SHABBA resigns} 1-0

[Event "ICS rated blitz match"]
[Site "204.178.125.65"]
[Date "2000.11.16"]
[Round "?"]
[White "Cocovitsch"]
[Black "Hossa"]
[Result "0-1"]
[WhiteElo "2371"]
[BlackElo "2523"]
[PlyCount "51"]
[EventDate "2000.??.??"]

1. d4 Nf6 2. Nf3 e6 3. Nc3 Bb4 4. Bg5 h6 5. Bh4 g5 6. Bg3 Ne4 7. Qd3 Nxg3 8.
hxg3 g4 9. Ne5 Nc6 10. Nxg4 Qg5 11. Ne3 d5 12. a3 Bxc3+ 13. Qxc3 Bd7 14. Rh4 h5
15. O-O-O O-O-O 16. Rf4 f6 17. Kb1 Kb8 18. Qd2 Ne7 19. c3 e5 20. Rh4 Nf5 21.
Nxf5 Qxf5+ 22. Kc1 Qxf2 23. dxe5 fxe5 24. Qxd5 Qe3+ 25. Rd2 Bg4 26. Rxg4 {
Cocovitsch resigns} 0-1

[Event "ICS rated blitz match"]
[Site "204.178.125.65"]
[Date "2000.11.16"]
[Round "?"]
[White "Pi"]
[Black "Hossa"]
[Result "1-0"]
[WhiteElo "2814"]
[BlackElo "2532"]
[PlyCount "67"]
[EventDate "2000.??.??"]

1. e4 c5 2. Nf3 e6 3. d4 cxd4 4. Nxd4 a6 5. Nc3 b5 6. Bd3 Bb7 7. O-O d6 8. Re1
Nf6 9. a4 b4 10. Na2 Be7 11. Nxb4 d5 12. e5 Bxb4 13. c3 Bc5 14. exf6 Qxf6 15.
Qb3 Ra7 16. Qc2 Bd6 17. Nf3 Bf4 18. Bxf4 Qxf4 19. Bxh7 Nc6 20. Rad1 Ra8 21. Qf5
Qxa4 22. Ng5 Nd8 23. Qe5 Qb3 24. Qxg7 Rf8 25. Bf5 Qxb2 26. Nxe6 fxe6 27. Bg6+
Rf7 28. Bxf7+ Nxf7 29. Rxe6+ Kd8 30. Rxd5+ Kc8 31. Qf8+ Kc7 32. Rd7+ Kxd7 33.
Qxf7+ Kc8 34. Re8# {Hossa checkmated} 1-0